[Event "Warsaw YMCA Spring 155th"]
[Site "Warsaw"]
[Date "2015.05.29"]
[Round "8"]
[White "Lukaszewski, Marcin"]
[Black "Rudolf, Michal"]
[Result "0-1"]
[WhiteElo "2235"]
[BlackElo "2322"]
[PlyCount "64"]
[EventDate "2015.04.10"]
[EventType "tourn"]
[EventRounds "13"]
[EventCountry "POL"]
[SourceTitle "EXT 2017"]
[Source "ChessBase"]
[SourceDate "2016.10.25"]
[SourceVersion "1"]
[SourceVersionDate "2016.10.25"]
[SourceQuality "1"]

1. c4 b6 2. Nc3 Bb7 3. e4 e6 4. g3 f5 5. Bg2 Nf6 6. d3 fxe4 7. dxe4 Bb4 8. Qc2 Bxc3+ 9. Qxc3 Na6 10. f3 d5 11. cxd5 exd5 12. e5 Qe7 13. f4 d4 14. Qc2 0-0-0 15. Bxb7+ Kxb7 16. Nf3 d3 17. Qg2 Qb4+ 18. Nd2+ Nd5 19. a3 Qd4 20. Qe4 Qc5 21. b4 Qe3+ 22. Qxe3 Nxe3 23. Kf2 Nc2 24. Rb1 c5 25. bxc5 Nxc5 26. Bb2 Na4 27. Rhd1 Rd5 28. Nc4 Rhd8 29. Ne3 Rb5 30. Ba1 Rxb1 31. Rxb1 Nxa3 32. e6 Nxb1 0-1

[Event "Warsaw YMCA Spring 155th"]
[Site "Warsaw"]
[Date "2015.05.14"]
[Round "6"]
[White "Maj, Pawel"]
[Black "Lukaszewski, Marcin"]
[Result "1/2-1/2"]
[WhiteElo "2153"]
[BlackElo "2235"]
[PlyCount "61"]
[EventDate "2015.04.10"]
[EventType "tourn"]
[EventRounds "13"]
[EventCountry "POL"]
[SourceTitle "EXT 2017"]
[Source "ChessBase"]
[SourceDate "2016.10.25"]
[SourceVersion "1"]
[SourceVersionDate "2016.10.25"]
[SourceQuality "1"]

1. e4 g6 2. d4 Bg7 3. Nc3 d6 4. Be3 Nf6 5. Qd2 c6 6. f3 Nbd7 7. h4 b5 8. 0-0-0 Nb6 9. Bh6 Bxh6 10. Qxh6 Qc7 11. Nh3 Bxh3 12. Rxh3 0-0-0 13. a3 Kb8 14. Qd2 e5 15. d5 cxd5 16. Nxb5 Qc5 17. Qa5 Rd7 18. Bd3 d4 19. g4 Rc8 20. Kb1 h5 21. g5 Ne8 22. Rc1 Nc4 23. Bxc4 Qxc4 24. Rhh1 Rb7 25. a4 Qc5 26. c3 d3 27. Rhd1 Nc7 28. b4 Qc4 29. Nxd6 Qb3+ 30. Ka1 Rd8 31. Nxb7 1/2-1/2

[Event "Warsaw YMCA Spring 155th"]
[Site "Warsaw"]
[Date "2015.04.24"]
[Round "3"]
[White "Lukaszewski, Marcin"]
[Black "Rozycki, Bartlomiej"]
[Result "0-1"]
[WhiteElo "2235"]
[BlackElo "2145"]
[PlyCount "122"]
[EventDate "2015.04.10"]
[EventType "tourn"]
[EventRounds "13"]
[EventCountry "POL"]
[SourceTitle "EXT 2017"]
[Source "ChessBase"]
[SourceDate "2016.10.25"]
[SourceVersion "1"]
[SourceVersionDate "2016.10.25"]
[SourceQuality "1"]

1. d4 Nf6 2. c4 e6 3. Nc3 Bb4 4. e3 0-0 5. Nge2 d5 6. a3 Be7 7. cxd5 exd5 8. Ng3 a5 9. Bd3 Na6 10. 0-0 c6 11. Bd2 Nc7 12. Na4 Ne6 13. Nf5 Re8 14. Nxe7+ Rxe7 15. Rc1 Nd7 16. Nc3 Nf6 17. Ne2 Qd6 18. Ng3 g6 19. Qa4 b5 20. Qc2 Rc7 21. f4 c5 22. dxc5 Rxc5 23. Qb1 Bd7 24. f5 Rxc1 25. Rxc1 Ng7 26. b4 axb4 27. axb4 Ng4 28. Qb2 Bxf5 29. Bxb5 Nh5 30. Nf1 Qb6 31. Rc5 Ngf6 32. Qd4 Qe6 33. Bc3 Qe4 34. Be2 Ra2 35. Bf3 Qc2 36. e4 Bxe4 37. Bxe4 Qxe4 38. Qxe4 dxe4 39. g4 Nf4 40. Bxf6 Nh3+ 41. Kh1 Nf2+ 42. Kg2 Nxg4+ 43. Kg3 Nxf6 44. b5 Kg7 45. Ne3 Nh5+ 46. Kg4 Rxh2 47. b6 f5+ 48. Nxf5+ gxf5+ 49. Kxf5 Rf2+ 50. Kxe4 Nf6+ 51. Kd4 Rb2 52. Rc6 h5 53. Ke5 h4 54. Kf4 Kg6 55. Kf3 Rb3+ 56. Kg2 Kg5 57. Rc5+ Kf4 58. Rc6 Ne4 59. Rh6 Kg4 60. Rg6+ Ng5 61. Rc6 h3+ 0-1

[Event "Oberliga Nord O 0506"]
[Site "Germany"]
[Date "2006.04.02"]
[Round "9.7"]
[White "Meissner, Hans Juergen"]
[Black "Lukaszewski, Marcin"]
[Result "1/2-1/2"]
[WhiteElo "2240"]
[BlackElo "2202"]
[PlyCount "89"]
[EventDate "2005.10.23"]
[EventType "team-tourn"]
[EventRounds "9"]
[EventCountry "GER"]
[SourceTitle "EXT 2007"]
[Source "ChessBase"]
[SourceDate "2006.11.23"]
[SourceVersion "1"]
[SourceVersionDate "2006.11.23"]
[SourceQuality "1"]
[WhiteTeam "Berlin Empor"]
[BlackTeam "Lasker Steglitz"]
[WhiteTeamCountry "GER"]
[BlackTeamCountry "GER"]

1. e4 c5 2. Nf3 d6 3. d4 cxd4 4. Nxd4 Nf6 5. Nc3 Nc6 6. Be2 g6 7. Be3 Bg7 8. h4 h5 9. Qd2 0-0 10. 0-0-0 Nxd4 11. Bxd4 Be6 12. Kb1 b5 13. Bxb5 Rb8 14. Ba4 Rb4 15. Bxf6 Bxf6 16. Bb3 Bxb3 17. cxb3 Bxc3 18. bxc3 Rxe4 19. f3 Re5 20. Rhe1 Rxe1 21. Rxe1 e6 22. Re4 d5 23. Ra4 Qc7 24. g4 hxg4 25. fxg4 Qg3 26. h5 gxh5 27. Qg5+ Kh7 28. Qxh5+ Kg7 29. Qg5+ Kh7 30. Qf6 Qe1+ 31. Kb2 Qd2+ 32. Ka3 Qc1+ 33. Kb4 Rb8+ 34. Ka5 Kg8 35. g5 Qe3 36. Rb4 Qc5+ 37. Ka4 Rxb4+ 38. cxb4 Qc2 39. a3 Qe4 40. Qd8+ Kh7 41. Qe7 Qf4 42. Qxa7 d4 43. Qd7 Kg6 44. b5 d3+ 45. b4 1/2-1/2

[Event "Oberliga Nord O 0405"]
[Site "Germany"]
[Date "2005.02.13"]
[Round "7.3"]
[White "Lukaszewski, Marcin"]
[Black "Schulz, Karsten"]
[Result "1/2-1/2"]
[WhiteElo "2244"]
[BlackElo "2293"]
[PlyCount "45"]
[EventDate "2004.10.24"]
[EventType "team-tourn"]
[EventRounds "9"]
[EventCountry "GER"]
[SourceTitle "EXT 2006"]
[Source "ChessBase"]
[SourceDate "2005.11.24"]
[SourceVersion "1"]
[SourceVersionDate "2005.11.24"]
[SourceQuality "1"]
[WhiteTeam "Lasker Steglitz"]
[BlackTeam "Cottbus"]
[WhiteTeamCountry "GER"]
[BlackTeamCountry "GER"]

1. e4 d5 2. exd5 Qxd5 3. Nc3 Qa5 4. d4 Nf6 5. Bc4 Nc6 6. Nge2 Bg4 7. f3 Bh5 8. Bb5 0-0-0 9. Bxc6 bxc6 10. Bd2 e5 11. Ne4 Qb6 12. Nxf6 gxf6 13. c3 exd4 14. cxd4 Bb4 15. Bxb4 Qxb4+ 16. Qd2 Qxd2+ 17. Kxd2 c5 18. Rac1 cxd4 19. Rc5 Bg6 20. Rhc1 Rd7 21. R1c4 d3 22. Nf4 Re8 23. Ra5 1/2-1/2

[Event "Cala d'Or 2nd"]
[Site "Santanyi"]
[Date "2004.09.18"]
[Round "8"]
[White "Lukaszewski, Marcin"]
[Black "Martinez Martin, David"]
[Result "1/2-1/2"]
[WhiteElo "2229"]
[BlackElo "2334"]
[PlyCount "31"]
[EventDate "2004.09.13"]
[EventType "tourn"]
[EventRounds "9"]
[EventCountry "ESP"]
[EventCategory "5"]
[SourceTitle "CBM 102 Extra"]
[Source "ChessBase"]
[SourceDate "2004.11.03"]
[SourceVersion "1"]
[SourceVersionDate "2004.11.03"]
[SourceQuality "1"]

1. d4 Nf6 2. c4 g6 3. Nc3 Bg7 4. e4 d6 5. Nf3 0-0 6. Be2 e5 7. 0-0 Nc6 8. d5 Ne7 9. Nd2 a5 10. a3 Nd7 11. Rb1 f5 12. b4 Kh8 13. f3 Nf6 14. c5 axb4 15. axb4 g5 16. Nc4 1/2-1/2

[Event "Cala d'Or 2nd"]
[Site "Santanyi"]
[Date "2004.09.13"]
[Round "1"]
[White "Becker, Walter"]
[Black "Lukaszewski, Marcin"]
[Result "1-0"]
[WhiteElo "2303"]
[BlackElo "2229"]
[PlyCount "77"]
[EventDate "2004.09.13"]
[EventType "tourn"]
[EventRounds "9"]
[EventCountry "ESP"]
[EventCategory "5"]
[SourceTitle "CBM 102 Extra"]
[Source "ChessBase"]
[SourceDate "2004.11.03"]
[SourceVersion "1"]
[SourceVersionDate "2004.11.03"]
[SourceQuality "1"]

1. e4 c5 2. Nf3 Nc6 3. Bb5 g6 4. 0-0 Bg7 5. Re1 e5 6. Bxc6 bxc6 7. d3 d6 8. h3 Ne7 9. a3 a5 10. a4 0-0 11. Nbd2 f5 12. Nc4 f4 13. c3 Be6 14. Rb1 Rb8 15. Bd2 Bf6 16. b4 cxb4 17. cxb4 axb4 18. Rxb4 c5 19. Rxb8 Qxb8 20. Qb1 Bxc4 21. dxc4 Qxb1 22. Rxb1 Ra8 23. a5 Nc6 24. Rb6 Rc8 25. Rb7 Bd8 26. Rd7 Bxa5 27. Rxd6 Bxd2 28. Rxd2 Rb8 29. Rd6 Rb1+ 30. Kh2 Nd4 31. Nxe5 Rf1 32. Rd8+ Kg7 33. Rd7+ Kg8 34. Nd3 h5 35. h4 Ne2 36. e5 Nc3 37. e6 Ne4 38. f3 Nf2 39. Nxf4 1-0

[Event "Berlin-ch"]
[Site "Berlin"]
[Date "2004.04.17"]
[Round "9"]
[White "Lukaszewski, Marcin"]
[Black "Paulsen, Dirk"]
[Result "1-0"]
[WhiteElo "2229"]
[BlackElo "2376"]
[PlyCount "92"]
[EventDate "2004.04.09"]
[EventType "swiss"]
[EventRounds "9"]
[EventCountry "GER"]
[SourceTitle "CBM 099 Extra"]
[Source "ChessBase"]
[SourceDate "2004.05.04"]
[SourceVersion "1"]
[SourceVersionDate "2004.05.04"]
[SourceQuality "1"]

1. d4 Nf6 2. Nf3 c5 3. c4 cxd4 4. Nxd4 e5 5. Nb5 d5 6. cxd5 Bb4+ 7. N1c3 0-0 8. a3 Ba5 9. d6 Nc6 10. e3 Bg4 11. f3 Bh5 12. b4 a6 13. bxa5 axb5 14. Bxb5 Nxa5 15. 0-0 Rc8 16. Na4 Nc6 17. Bb2 Qa5 18. Qb3 Na7 19. Bd3 b5 20. Nc3 Qb6 21. Kh1 Rfd8 22. Nxb5 Nd7 23. a4 Nc5 24. Qd5 Nxb5 25. Bxb5 Nxa4 26. Bxa4 Qxb2 27. d7 Rb8 28. h3 Bg6 29. e4 h5 30. Bc6 Kh7 31. Ra8 Rxa8 32. Bxa8 h4 33. Bc6 Bh5 34. Qa5 Qb8 35. Kh2 f6 36. Qd5 Kg6 37. Ra1 Bxf3 38. Bb7 Bh5 39. Ra8 Qc7 40. Rxd8 Qxd8 41. Qe6 Kh7 42. Qc6 Qa5 43. Qd5 Qd8 44. Qc6 Qa5 45. Qd5 Qe1 46. Qd3 Qa5 1-0

[Event "Berlin-ch"]
[Site "Berlin"]
[Date "2004.04.13"]
[Round "5"]
[White "Lukaszewski, Marcin"]
[Black "Hansen, Kay"]
[Result "1/2-1/2"]
[WhiteElo "2229"]
[BlackElo "2242"]
[PlyCount "24"]
[EventDate "2004.04.09"]
[EventType "swiss"]
[EventRounds "9"]
[EventCountry "GER"]
[SourceTitle "CBM 099 Extra"]
[Source "ChessBase"]
[SourceDate "2004.05.04"]
[SourceVersion "1"]
[SourceVersionDate "2004.05.04"]
[SourceQuality "1"]

1. e4 c6 2. d4 d5 3. Nc3 b5 4. Bd3 b4 5. Nce2 e6 6. Nf3 Ba6 7. 0-0 Nf6 8. Bxa6 Nxa6 9. Qd3 Qb6 10. Ng3 c5 11. exd5 Nxd5 12. Re1 Be7 1/2-1/2

[Event "Berlin-ch"]
[Site "Berlin"]
[Date "2004.04.12"]
[Round "4"]
[White "Escher, Clemens"]
[Black "Lukaszewski, Marcin"]
[Result "1-0"]
[WhiteElo "2147"]
[BlackElo "2229"]
[PlyCount "89"]
[EventDate "2004.04.09"]
[EventType "swiss"]
[EventRounds "9"]
[EventCountry "GER"]
[SourceTitle "CBM 099 Extra"]
[Source "ChessBase"]
[SourceDate "2004.05.04"]
[SourceVersion "1"]
[SourceVersionDate "2004.05.04"]
[SourceQuality "1"]

1. d4 Nf6 2. Nf3 e6 3. e3 b6 4. Bd3 Bb7 5. 0-0 Be7 6. c4 c5 7. Nc3 d6 8. d5 e5 9. Ng5 h6 10. Nge4 Nbd7 11. Ng3 a6 12. b3 Bc8 13. Bb2 Nf8 14. f4 Bg4 15. Be2 exf4 16. exf4 Qd7 17. Nce4 Bxe2 18. Nxf6+ Bxf6 19. Qxe2+ Qe7 20. Qxe7+ Kxe7 21. Rfe1+ Kd7 22. Bxf6 gxf6 23. Nh5 Nh7 24. Re3 Rae8 25. Rae1 Rxe3 26. Rxe3 Rg8 27. Kf2 b5 28. Rg3 Rxg3 29. Nxg3 Nf8 30. Nf5 Ng6 31. g3 h5 32. h4 b4 33. Ng7 a5 34. Nxh5 Ke7 35. Ng7 Nf8 36. Nf5+ Kd7 37. Kf3 Kc7 38. Nh6 Kd8 39. Nxf7+ Ke7 40. Nh6 Nd7 41. Nf5+ Kf8 42. Nxd6 Nb6 43. Nb7 a4 44. Nxc5 a3 45. h5 1-0

[Event "Oberliga Nord O 0203"]
[Site "Germany"]
[Date "2003.01.26"]
[Round "5.2"]
[White "Lukaszewski, Marcin"]
[Black "Postler, Reinhard"]
[Result "0-1"]
[WhiteElo "2226"]
[BlackElo "2283"]
[PlyCount "50"]
[EventDate "2002.10.20"]
[EventType "team"]
[EventRounds "9"]
[EventCountry "GER"]
[SourceTitle "EXT 2009"]
[Source "ChessBase"]
[SourceDate "2008.11.26"]
[SourceVersion "1"]
[SourceVersionDate "2008.11.26"]
[SourceQuality "1"]
[WhiteTeam "Lasker Steglitz"]
[BlackTeam "Oberschoeneweide"]
[WhiteTeamCountry "GER"]
[BlackTeamCountry "GER"]

1. e4 c5 2. Nf3 e6 3. d4 cxd4 4. Nxd4 a6 5. Bd3 Nc6 6. Nxc6 dxc6 7. 0-0 e5 8. Nd2 Be6 9. Nf3 Bd6 10. Ng5 Qe7 11. Nxe6 Qxe6 12. Qe2 Nf6 13. Bc4 Qe7 14. a4 h6 15. Rd1 0-0 16. Rd3 Bc5 17. Rg3 Kh8 18. Bd2 Rad8 19. Bd3 Bd4 20. c3 Ba7 21. Rf1 Rd6 22. Kh1 Rfd8 23. f4 Qd7 24. Rff3 Nh5 25. Rh3 Qg4 0-1

[Event "Polanica Zdroj op"]
[Site "Polanica Zdroj"]
[Date "2001.08.23"]
[Round "8"]
[White "Krzesaj, Robert"]
[Black "Lukaszewski, Marcin"]
[Result "1/2-1/2"]
[WhiteElo "2073"]
[BlackElo "2196"]
[PlyCount "29"]
[EventDate "2001.08.16"]
[EventType "swiss"]
[EventRounds "10"]
[EventCountry "POL"]
[SourceTitle "EXT 2002"]
[Source "ChessBase"]
[SourceDate "2001.11.25"]
[SourceVersion "1"]
[SourceVersionDate "2001.11.25"]
[SourceQuality "1"]

1. e4 c5 2. Nf3 e6 3. d4 cxd4 4. Nxd4 Nc6 5. Nc3 d6 6. Bc4 Nf6 7. 0-0 Be7 8. Be3 0-0 9. Bb3 Na5 10. f4 Nxb3 11. axb3 a6 12. Qf3 Qc7 13. Ndb5 Qb8 14. Nd4 Qc7 15. Ndb5 1/2-1/2

[Event "Polanica Zdroj op"]
[Site "Polanica Zdroj"]
[Date "2001.08.22"]
[Round "7"]
[White "Lukaszewski, Marcin"]
[Black "Teterev, Vitaly"]
[Result "0-1"]
[WhiteElo "2196"]
[BlackElo "2279"]
[PlyCount "28"]
[EventDate "2001.08.16"]
[EventType "swiss"]
[EventRounds "10"]
[EventCountry "POL"]
[SourceTitle "EXT 2002"]
[Source "ChessBase"]
[SourceDate "2001.11.25"]
[SourceVersion "1"]
[SourceVersionDate "2001.11.25"]
[SourceQuality "1"]

1. c4 Nf6 2. Nc3 c5 3. g3 e6 4. Bg2 d5 5. cxd5 exd5 6. Qb3 c4 7. Qc2 Nc6 8. b3 Nd4 9. Qb1 Bf5 10. d3 cxd3 11. exd3 Bb4 12. Bd2 Rc8 13. Nge2 Qe7 14. Kd1 Bg4 0-1

[Event "Polanica Zdroj op"]
[Site "Polanica Zdroj"]
[Date "2001.08.18"]
[Round "3"]
[White "Lukaszewski, Marcin"]
[Black "Zielinska, Malgorzata"]
[Result "1-0"]
[WhiteElo "2196"]
[BlackElo "2101"]
[PlyCount "40"]
[EventDate "2001.08.16"]
[EventType "swiss"]
[EventRounds "10"]
[EventCountry "POL"]
[SourceTitle "EXT 2002"]
[Source "ChessBase"]
[SourceDate "2001.11.25"]
[SourceVersion "1"]
[SourceVersionDate "2001.11.25"]
[SourceQuality "1"]

1. c4 Nf6 2. Nc3 e5 3. a3 a5 4. g3 Bc5 5. Bg2 d6 6. e3 Qe7 7. Nge2 c6 8. 0-0 Bg4 9. h3 Bh5 10. b3 Nbd7 11. Bb2 0-0 12. d3 Ne8 13. Na4 f5 14. Nxc5 Nxc5 15. b4 axb4 16. axb4 Rxa1 17. Bxa1 Ne6 18. f4 exf4 19. gxf4 N6c7 20. Qd2 d5 1-0

[Event "POL-chT 56th"]
[Site "Zakopane"]
[Date "2000.09.11"]
[Round "9"]
[White "Jakubowski, Krzysztof"]
[Black "Lukaszewski, Marcin"]
[Result "1-0"]
[WhiteElo "2364"]
[BlackElo "2203"]
[PlyCount "59"]
[EventDate "2000.09.02"]
[EventType "team-tourn"]
[EventRounds "11"]
[EventCountry "POL"]
[SourceTitle "EXT 2019"]
[Source "ChessBase"]
[SourceDate "2018.10.10"]
[SourceVersion "1"]
[SourceVersionDate "2018.10.10"]
[SourceQuality "1"]
[WhiteTeam "Plock PTSz"]
[BlackTeam "Kozuchow Odrodzenie"]
[WhiteTeamCountry "POL"]
[BlackTeamCountry "POL"]

1. d4 Nf6 2. c4 e6 3. Nf3 d5 4. Nc3 c6 5. Bg5 dxc4 6. e4 b5 7. e5 h6 8. Bh4 g5 9. Nxg5 hxg5 10. Bxg5 Nbd7 11. exf6 Bb7 12. a4 Bb4 13. Be2 Nb6 14. 0-0 Qd6 15. h4 Bxc3 16. bxc3 Nxa4 17. Rxa4 bxa4 18. Qxa4 Qc7 19. Bxc4 a5 20. d5 exd5 21. Bxd5 0-0-0 22. Bf3 Rd3 23. Qe4 Qd8 24. Qf5+ Kb8 25. Ra1 Rd5 26. Bxd5 cxd5 27. c4 Re8 28. cxd5 Qxd5 29. Bf4+ Ka7 30. Rxa5+ 1-0

[Event "POL-chT 56th"]
[Site "Zakopane"]
[Date "2000.09.08"]
[Round "6"]
[White "Lukaszewski, Marcin"]
[Black "Jakubowski, Tomasz"]
[Result "0-1"]
[WhiteElo "2203"]
[BlackElo "2311"]
[PlyCount "68"]
[EventDate "2000.09.02"]
[EventType "team-tourn"]
[EventRounds "11"]
[EventCountry "POL"]
[SourceTitle "EXT 2019"]
[Source "ChessBase"]
[SourceDate "2018.10.10"]
[SourceVersion "1"]
[SourceVersionDate "2018.10.10"]
[SourceQuality "1"]
[WhiteTeam "Kozuchow Odrodzenie"]
[BlackTeam "Lublin UMCS"]
[WhiteTeamCountry "POL"]
[BlackTeamCountry "POL"]

1. e4 c5 2. Nf3 d6 3. d4 cxd4 4. Nxd4 Nf6 5. Nc3 a6 6. a4 e5 7. Nf3 Qc7 8. Be2 h6 9. 0-0 Be6 10. Nd5 Nxd5 11. exd5 Bf5 12. Bd3 Bxd3 13. Qxd3 Be7 14. Be3 0-0 15. Qf5 Nd7 16. a5 Nf6 17. Ra4 g6 18. Qh3 Qxc2 19. Rb4 Nxd5 20. Rxb7 h5 21. Rc1 Qe2 22. Ba7 Rfd8 23. Ne1 Qd2 24. Ra1 Rac8 25. Qb3 Rc1 26. Rxc1 Qxc1 27. Kf1 Qc6 28. Be3 Kg7 29. Nd3 Rc8 30. Ra7 Rc7 31. Rxc7 Nxc7 32. Bb6 Ne6 33. Qc3 Qb5 34. b3 Nf4 0-1

[Event "POL-chT 56th"]
[Site "Zakopane"]
[Date "2000.09.06"]
[Round "5"]
[White "Stein, Marcin"]
[Black "Lukaszewski, Marcin"]
[Result "0-1"]
[WhiteElo "2125"]
[BlackElo "2203"]
[PlyCount "80"]
[EventDate "2000.09.02"]
[EventType "team-tourn"]
[EventRounds "11"]
[EventCountry "POL"]
[SourceTitle "EXT 2019"]
[Source "ChessBase"]
[SourceDate "2018.10.10"]
[SourceVersion "1"]
[SourceVersionDate "2018.10.10"]
[SourceQuality "1"]
[WhiteTeam "Glogow MOK Chrobry"]
[BlackTeam "Kozuchow Odrodzenie"]
[WhiteTeamCountry "POL"]
[BlackTeamCountry "POL"]

1. Nf3 Nf6 2. c4 c5 3. g3 d5 4. cxd5 Nxd5 5. Bg2 Nc6 6. Nc3 Nc7 7. d3 e5 8. Be3 Ne6 9. Rc1 Rb8 10. 0-0 b6 11. Qa4 Bd7 12. Qe4 f6 13. a3 Rc8 14. Nd5 Bd6 15. Qc4 0-0 16. Nc3 Kh8 17. Qd5 Bb8 18. Rfe1 Qe7 19. Nh4 f5 20. Qa2 g5 21. Nf3 g4 22. Nh4 f4 23. Bd2 Ned4 24. Be4 Be6 25. Bd5 Rcd8 26. Bxe6 Nxe6 27. Ne4 Ng5 28. Nxg5 Qxg5 29. Qc4 Rd4 30. Qe6 Rd6 31. Qc4 Nd4 32. b4 Rh6 33. Qd5 Rxh4 34. gxh4 Qxh4 35. Qh1 Rg8 36. bxc5 Nf3+ 37. Kf1 Nxd2+ 38. Kg1 Nf3+ 39. Kf1 Nxh2+ 40. Kg2 Qh3+ 0-1

[Event "POL-chT 56th"]
[Site "Zakopane"]
[Date "2000.09.05"]
[Round "4"]
[White "Lukaszewski, Marcin"]
[Black "Dubiel, Jacek"]
[Result "1/2-1/2"]
[WhiteElo "2203"]
[BlackElo "2359"]
[PlyCount "29"]
[EventDate "2000.09.02"]
[EventType "team-tourn"]
[EventRounds "11"]
[EventCountry "POL"]
[SourceTitle "EXT 2019"]
[Source "ChessBase"]
[SourceDate "2018.10.10"]
[SourceVersion "1"]
[SourceVersionDate "2018.10.10"]
[SourceQuality "1"]
[WhiteTeam "Kozuchow Odrodzenie"]
[BlackTeam "Zabrze Budosak"]
[WhiteTeamCountry "POL"]
[BlackTeamCountry "POL"]

1. d4 d5 2. c4 e6 3. Nc3 Nf6 4. Nf3 Be7 5. Bg5 h6 6. Bxf6 Bxf6 7. e3 0-0 8. Qb3 c6 9. Rd1 Qb6 10. Qc2 Qa5 11. Bd3 c5 12. cxd5 cxd4 13. Nxd4 Bxd4 14. exd4 exd5 15. 0-0 1/2-1/2

[Event "MK Cafe Cup-B"]
[Site "Koszalin"]
[Date "1999.08.10"]
[Round "7"]
[White "Lukaszewski, Marcin"]
[Black "Liwak, Przemyslaw"]
[Result "1-0"]
[WhiteElo "2158"]
[BlackElo "2270"]
[PlyCount "101"]
[EventDate "1999.08.03"]
[EventType "swiss"]
[EventRounds "10"]
[EventCountry "POL"]
[SourceTitle "EXT 2000"]
[Source "ChessBase"]
[SourceDate "1999.11.16"]
[SourceVersion "1"]
[SourceVersionDate "1999.11.16"]
[SourceQuality "1"]

1. Nf3 Nf6 2. c4 e6 3. Nc3 d5 4. e3 Be7 5. b3 0-0 6. Bb2 b6 7. Be2 Bb7 8. 0-0 dxc4 9. Bxc4 c5 10. d4 cxd4 11. Nxd4 a6 12. a3 b5 13. Bd3 Nbd7 14. Rc1 Qb6 15. Qe2 Rac8 16. Bb1 Nc5 17. b4 Ncd7 18. Nb3 Rc7 19. e4 e5 20. Rcd1 Rfc8 21. Rd3 Nf8 22. Nd5 Nxd5 23. exd5 f6 24. Rfd1 Bd6 25. Bc1 Re7 26. Be3 Qd8 27. Bc5 Qc7 28. Rc3 Rd8 29. Rcd3 e4 30. Rd4 Bxh2+ 31. Kh1 Bd6 32. Rxe4 Rde8 33. Qf3 Rxe4 34. Bxe4 Nd7 35. Bxh7+ Kf8 36. Qh5 Re5 37. Bf5 Bxd5 38. f4 Re7 39. Rxd5 Bxc5 40. Qh8+ Kf7 41. Rxd7 Rxd7 42. Bxd7 Qxd7 43. Qh5+ Kg8 44. Nxc5 Qd2 45. Qe8+ Kh7 46. Qe4+ Kh8 47. Kh2 Qc1 48. Qf3 a5 49. Ne6 axb4 50. axb4 Qe1 51. Qh5+ 1-0

[Event "POL-chT 2nd div South"]
[Site "Polanica Zdroj"]
[Date "1999.??.??"]
[Round "2"]
[White "Lukaszewski, Marcin"]
[Black "Kapral, Krzysztof"]
[Result "1-0"]
[WhiteElo "2158"]
[BlackElo "2160"]
[PlyCount "40"]
[EventDate "1999.09.17"]
[EventType "team-swiss"]
[EventRounds "10"]
[EventCountry "POL"]
[SourceTitle "EXT 2001"]
[Source "ChessBase"]
[SourceDate "2000.11.22"]
[SourceVersion "1"]
[SourceVersionDate "2000.11.22"]
[SourceQuality "1"]
[WhiteTeam "Kozuchow Odrodzenie"]
[BlackTeam "POL-chT 2nd div South 12"]
[WhiteTeamCountry "POL"]
[BlackTeamCountry "POL"]

1. e4 e6 2. d4 d5 3. Nc3 Bb4 4. e5 c5 5. a3 cxd4 6. axb4 dxc3 7. bxc3 Qc7 8. Nf3 Ne7 9. h4 Nd7 10. Bb5 Qxc3+ 11. Bd2 Qc7 12. h5 Nc6 13. Bxc6 bxc6 14. Qe2 c5 15. Rh4 Rb8 16. Kf1 a6 17. Rg4 g6 18. Rh4 gxh5 19. Re1 cxb4 20. Bxb4 Nc5 1-0

[Event "POL-chT 2nd div South"]
[Site "Polanica Zdroj"]
[Date "1999.??.??"]
[Round "8"]
[White "Pfranger, Adam"]
[Black "Lukaszewski, Marcin"]
[Result "1/2-1/2"]
[WhiteElo "2150"]
[BlackElo "2158"]
[PlyCount "55"]
[EventDate "1999.09.17"]
[EventType "team-swiss"]
[EventRounds "10"]
[EventCountry "POL"]
[SourceTitle "EXT 2001"]
[Source "ChessBase"]
[SourceDate "2000.11.22"]
[SourceVersion "1"]
[SourceVersionDate "2000.11.22"]
[SourceQuality "1"]
[WhiteTeam "POL-chT 2nd div South 26"]
[BlackTeam "Kozuchow Odrodzenie"]
[WhiteTeamCountry "POL"]
[BlackTeamCountry "POL"]

1. Nf3 c5 2. c3 Nc6 3. d4 cxd4 4. cxd4 d5 5. Nc3 Nf6 6. Qb3 e6 7. Bf4 Be7 8. h3 Ne4 9. e3 0-0 10. Bd3 f5 11. h4 b6 12. g3 Nb4 13. Be2 Ba6 14. Bxa6 Nxa6 15. Nb5 Qd7 16. Ne5 Qe8 17. a4 Qh5 18. Qd1 Bb4+ 19. Kf1 Qxd1+ 20. Rxd1 Rfc8 21. Nd3 Be7 22. f3 Nf6 23. Ke2 Nb4 24. Rc1 Ne8 25. Nxb4 Bxb4 26. Kd3 a6 27. Nc3 Bd6 28. Bxd6 1/2-1/2